00609nam a2200145Ia 4500008004100000020001800041100002100059245005800080260003900138650001400177650011800191856004500309999001900354952009000373171212s9999 xx 000 0 und d a9780874212389 aYancey, Kathleen cYancey, KathleenaReflection In The Writing Classroom bUniversity Press of Coloradoc1998 aEducation aEnglish language -- Rhetoric -- Study and teaching; Report writing -- Study and teaching; Reflection (Philosophy) uwww.jstor.org/stable/10.2307/j.ctt46nsh0 c353161d353161 001040aCLbCLd2017-12-12l0oPE1404.Y36 1998r2017-12-12 00:00:00w2017-12-12yCBE